000 00280nam a2200121Ia 4500
008 241002s9999 xx 000 0 und d
082 _a808.3 KON
100 _aKoningsberger, Hans
245 4 _aThe revolutionary
260 _aLondon:
_c1970
600 _aLiterature
942 _cUC
999 _c18751
_d18751